Richest Countries in the World - Statistics

General Stats
  • This quiz has been taken 21 times
  • The average score is 8 of 12
Answers on the Map
Answers color-coded by a green-red scale on the quiz's map according to % correct below.
 
Answer Stats
$ Per Capita Country Total GDP $ % Correct
$85,810 United States $29.20 T
100%
$64,407 Australia $1.75 T
84%
$137,517 Luxembourg $93.20 B
74%
$82,704 Iceland $33.46 B
63%
$107,316 Ireland $577.39 B
63%
$57,723 Sweden $610.12 B
63%
$71,852 Denmark $429.46 B
58%
$68,219 Netherlands $1.23 T
58%
$86,810 Norway $483.73 B
58%
$76,276 Qatar $217.98 B
58%
$90,674 Singapore $547.39 B
58%
$103,670 Switzerland $936.56 B
58%
No matching quizzes found
Score Distribution
Percent of People with Each Score
Percentile by Number Answered
Your Score History
You have not taken this quiz